00702nam a22002057a 450000500170000001000150001702000270003203500140005903700090007308200110008210000340009324501240012725000060025126000410025726000430029827000500034127000640039130000190045570000220047420250124115513.0 aENG-143579 c295.00a 9788179066713 aEN-127111 bDBAD a613.47 aGarima Babel,Niharika Paliwal aComplete Lifestyle Modification Management Through Nutrition Exercise and Yoga/cBy Garima Babel [and] Niharika Paliwal a1 aUdaipurbHimanshu Publicationsc2017 aNew DelhibHimanshu Publicationsc2009 bUdaipure313002a464, Sector 11, Hiren Magri, bNew Delhia4379/4-B, Prakash House, Ansari Road, Daryaganj, a76p.c22cm(Hb) aPaliwal, Niharika